Équipe d'Espagne de Football - Tous les joueurs (2000-....) - Statistiques

Statistiques générales
  • Ce quiz a été pris 5 569 fois
    684 depuis la dernière actualisation
  • Le résultat moyen est 75 sur 263
Statistiques - réponses
Première sélection Dernière sélection Joueur Nb de sélections % Correct
2006 2018 Andrés Iniesta 131
95%
2000 2014 Xavi 133
95%
2023 Lamine Yamal 23
91%
2005 2021 Sergio Ramos 180
91%
2014 2014 Kiko Casilla 1
89%
2021 Pedri 38
87%
2003 2014 Fernando Torres 110
86%
2009 2022 Sergio Busquets 143
86%
2020 Ferran Torres 50
85%
2001 2002 Curro Torres 5
84%
2019 Pau Torres 24
84%
2009 2018 Gerard Piqué 102
82%
2000 2013 Carles Puyol 100
81%
2021 Gavi 28
81%
2005 2017 David Villa 98
79%
2014 Dani Carvajal 52
78%
2003 2014 Xabi Alonso 114
74%
2011 2023 Jordi Alba 93
73%
2022 Nico Williams 30
73%
2014 Alvaro Morata 87
70%
2018 Rodri 59
70%
2000 2016 Iker Casillas 167
69%
2016 2016 Inaki Williams 1
69%
2021 Aymeric Laporte 41
66%
2006 2018 David Silva 125
65%
1998 2003 Javi de Pedro 12
65%
2010 2017 Pedro 65
65%
2018 2022 Marcos Alonso 9
63%
2020 Eric Garcia 19
62%
2024 Fermin Lopez 3
62%
1996 2006 Raul 102
62%
2023 Aleix Garcia 7
60%
1998 2000 Dani Garcia 5
60%
2023 David Garcia 3
60%
2023 Fran Garcia 2
60%
2012 2013 Javi Garcia 2
60%
2005 2008 Luis Garcia 20
60%
2007 2008 Luis Garcia 7
60%
2021 2021 Manu Garcia 1
60%
2014 2014 Raul Garcia 2
60%
2008 2008 Sergio Garcia 2
60%
2010 2014 Victor Valdes 20
60%
2006 2016 Cesc Fabregas 110
58%
2009 2009 Diego Lopez 1
58%
2018 2019 Pau Lopez 2
58%
2012 2012 Adrian Lopez 2
57%
2006 2008 Angel Lopez 5
57%
2005 2007 Antonio Lopez 16
57%
2019 Fabian Ruiz 39
57%
2013 2022 Koke 70
57%
2021 Marc Cucurella 20
57%
2023 Robin Le Normand 27
57%
2020 Unai Simon 54
57%
2016 Mikel Oyarzabal 49
56%
2019 Dani Olmo 45
55%
2021 Abel Ruiz 3
53%
2014 2020 David de Gea 45
53%
2014 2018 Diego Costa 24
53%
2013 Isco 39
53%
2024 Pau Cubarsi 8
53%
2013 Inigo Martinez 21
50%
2010 2014 Javi Martinez 18
50%
2021 Josep Martinez 1
50%
2016 Marco Asensio 38
50%
2022 Alejandro Balde 7
49%
2008 2013 Alvaro Arbeloa 56
49%
2020 Mikel Merino 39
48%
2011 2021 Thiago 46
47%
2016 Diego Llorente 10
46%
2008 2013 Fernando Llorente 24
46%
2009 2024 Jesus Navas 56
46%
2020 Marcos Llorente 20
46%
2013 César Azpilicueta 44
44%
2022 David Raya 11
44%
2021 Martin Zubimendi 23
43%
2013 Nacho 29
42%
2005 2018 Pepe Reina 36
42%
2021 2021 Alvaro Fernandez 1
41%
1989 2002 Fernando Hierro 89
41%
2002 2011 Joan Capdevila 60
41%
2008 2019 Santi Cazorla 81
41%
2009 2010 Pablo Hernandez 4
39%
2007 2021 Raul Albiol 58
39%
2000 2000 César Sanchez 1
38%
2012 2016 Juanfran 22
38%
2009 2016 Juan Mata 41
38%
2016 2018 Lucas Vazquez 9
38%
2021 Robert Sanchez 3
38%
1991 2002 Luis Enrique 62
37%
1992 2000 Pep Guardiola 47
37%
2020 Ansu Fati 10
36%
2016 Iago Aspas 20
36%
2019 2019 Jaime Mata 1
35%
2025 Jesus Rodriguez 1
35%
2017 Kepa Arrizabalaga 13
35%
2014 2016 Mikel San José 7
34%
2013 2017 Alberto Moreno 4
33%
2019 Gerard Moreno 18
33%
2001 2001 Javi Moreno 5
33%
2016 2019 Saul 19
33%
2016 2021 Sergi Roberto 11
33%
2023 Alex Grimaldo 11
32%
1998 2007 Fernando Morientes 47
32%
1999 2005 Guti 13
32%
2021 Carlos Soler 14
31%
2017 2017 Asier Illarramendi 3
30%
2006 2010 Marcos Senna 28
29%
2019 Pablo Sarabia 27
29%
2016 2017 Ander Herrera 2
28%
2016 2021 Héctor Bellerin 4
28%
2014 2019 Juan Bernat 11
28%
2021 Pedro Porro 14
27%
1994 2002 Sergi 56
27%
2002 2007 Joaquin 51
26%
2024 Sergio Gomez 1
26%
2024 Ayoze Pérez 5
25%
2018 Dani Ceballos 13
25%
2018 2019 Dani Parejo 4
25%
2021 Yeremi Pino 17
25%
2010 2017 Aritz Aduriz 13
24%
2021 2021 Brahim Diaz 1
24%
2023 Joselu 17
24%
2009 2018 Nacho Monreal 22
24%
2020 2021 Adama Traoré 8
23%
2009 2013 Alvaro Negredo 21
23%
2013 2018 Marc Bartra 14
23%
1998 2006 Michel Salgado 53
23%
2014 2023 Rodrigo 28
23%
2016 2016 Denis Suarez 1
22%
2013 2015 Mario Suarez 3
22%
2008 2008 Bojan 1
21%
2018 José Luis Gaya 22
21%
2014 2016 Nolito 16
21%
2023 Alex Baena 12
20%
2024 Alex Remiro 2
20%
2017 2018 Alvaro Odriozola 4
20%
2022 Borja Iglesias 4
20%
2014 2017 José Callejon 5
20%
2005 2005 Ivan de la Pena 5
19%
2014 2019 Paco Alcacer 19
19%
2021 Oscar Mingueza 4
18%
2007 2013 Roberto Soldado 13
18%
2024 Marc Casado 2
17%
2001 2005 Sergio 11
17%
2013 2013 Cristian Tello 1
16%
2024 Daniel Vivian 10
16%
1993 2006 Santiago Canizares 46
16%
2011 2011 Borja Valero 1
15%
2001 2008 David Albelda 51
15%
1999 2002 Gaizka Mendieta 40
15%
2012 2019 Iker Muniain 2
15%
2003 2006 José Antonio Reyes 21
15%
2014 2017 Gerard Deulofeu 4
14%
1998 2004 Ivan Helguera 47
14%
2016 2016 Sergio Rico 1
14%
2018 2021 Brais Mendez 4
13%
2002 2011 Carlos Marchena 69
13%
1993 2000 Fran 16
13%
2014 2014 Munir 1
13%
2024 Pablo Barrios 3
13%
2019 2023 Sergio Canales 11
13%
2002 2008 Juanito 26
12%
1991 2002 Miguel Angel Nadal 62
12%
2001 2001 Unai 1
12%
2000 2004 Victor 8
12%
1996 2000 José Molina 9
11%
2020 2021 Sergio Reguilon 6
11%
2019 2019 Unai Nunez 1
11%
2007 2010 Daniel Güiza 21
10%
2001 2003 José Mari 4
10%
2017 2017 Luis Alberto 1
10%
2000 2004 Manuel Pablo 13
10%
2018 2019 Mario Hermoso 5
10%
2023 Oihan Sancet 4
10%
2017 2019 Suso 5
10%
2001 2005 Vicente 38
10%
2015 2015 Aleix Vidal 1
9%
2012 2012 Alvaro Dominguez 2
9%
2021 Bryan Gil 5
9%
2000 2000 Gerard 6
9%
2021 2021 Oscar Gil 1
9%
2016 2021 Pablo Fornals 6
9%
2002 2004 Raul Bravo 14
9%
2016 2016 Sergio Asenjo 1
9%
2021 2021 Antonio Blanco 1
8%
2000 2004 Enrique Romero 10
8%
2003 2004 Gabri 3
8%
1998 2005 Juan Carlos Valeron 46
8%
2011 2011 Manu del Moral 1
8%
2004 2008 Pablo Ibanez 23
8%
2000 2005 Ruben Baraja 43
8%
2024 Samu Aghehowa 3
8%
2015 2017 Vitolo 12
8%
1991 2001 Abelardo 54
7%
2007 2009 Albert Riera 16
7%
1999 2002 Pedro Munitis 21
7%
2021 2022 Raul de Tomas 4
7%
2008 2008 Ruben de la Red 3
7%
1992 2000 Alfonso 38
6%
1999 2004 César 12
6%
2008 2008 Fernando Navarro 2
6%
2006 2007 Javi Navarro 4
6%
2015 2015 Juanmi 1
6%
2021 Juan Miranda 1
6%
2020 2020 Oscar 2
6%
2023 Rodrigo Riquelme 2
6%
2008 2011 Andoni Iraola 7
5%
2025 Dean Huijsen 6
5%
2001 2003 Diego Tristan 15
5%
2013 2013 Michu 1
5%
1998 2001 Paco 21
5%
1995 2003 Agustin Aranzabal 28
4%
2024 Aitor Paredes 1
4%
1998 2000 Albert Celades 4
4%
2002 2005 Albert Luque 17
4%
2023 Bryan Zaragoza 3
4%
2021 2021 Fran Beltran 1
4%
2021 Hugo Guillamon 3
4%
1996 2001 Ismael Urzaiz 25
4%
1998 2000 Ivan Campo 4
4%
2025 Jorge de Frutos 1
4%
1997 2004 Joseba Etxebarria 53
4%
2000 2007 Raul Tamudo 13
4%
2023 Alfonso Pedraza 1
3%
2014 2014 Ander Iturraspe 2
3%
2006 2006 Antonio Puerta 1
3%
2004 2005 Asier del Horno 10
3%
2012 2012 Benat 4
3%
2000 2000 Francisco Rufete 3
3%
2014 2014 Ignacio Camacho 1
3%
2001 2001 José Ignacio 2
3%
2000 2000 Juan Velasco 5
3%
1993 2000 Julen Guerrero 41
3%
2006 2007 Mariano Pernia 11
3%
2012 2012 Markel Susaeta 1
3%
2001 2002 Ricardo 2
3%
2010 2016 Bruno Soriano 10
2%
2008 2008 Diego Capel 2
2%
2021 Gonzalo Villar 1
2%
2021 2021 Javi Puado 1
2%
2017 2017 Jonathan Viera 1
2%
2020 2020 José Campana 1
2%
2002 2002 Pedro Contreras 1
2%
1998 2000 Vicente Engonga 14
2%
2021 2021 Alejandro Pozo 1
1%
2002 2002 Capi 4
1%
2000 2000 Catanha 3
1%
2004 2004 Daniel Aranzubia 1
1%
2007 2007 Javier Arizmendi 1
1%
1999 2000 Javier Farinos 2
1%
2018 2018 Jonny 3
1%
2015 2016 Mario Gaspar 3
1%
2004 2007 Miguel Angel Angulo 11
1%
2005 2005 Mista 2
1%
2000 2004 Salva Ballesta 4
1%
2015 2015 Xabier Etxeita 1
1%
2004 2004 Aitor Lopez Rekarte 1
0%
2005 2005 Antonio Guayre 1
0%
2006 2006 Borja Oubina 2
0%
2002 2002 José Garcia Calvo 3
0%
2001 2002 Oscar Téllez 4
0%
2002 2005 Pablo Orbaiz 4
0%
2002 2002 Tiko 1
0%
Aucun quiz correspondant
Distribution des résultats
% des personnes avec chaque résultat
Percentile par nombre de réponses
Votre historique - résultats
Vous n’avez pas pris ce quiz depuis la dernière actualisation